000 00393nam a2200121Ia 4500
008 220216s9999 xx 000 0 und d
100 _aIkram A
245 0 _aBeneficial effects of a plant-growth-promoting rhizobacterium on the early growth of Pueraria phaseoloides
260 _bJournal of Natural Rubber Research
_c1989
300 _a219-222
650 _aPueraria phaseoloides
942 _cJS
999 _c54700
_d54700